Selma

Esta crónica sobre la lucha del político y activista Dr. Martin Luther King Jr. (David Oyelowo) en defensa de los derechos civiles se centra en la marcha desde Selma a Montgomery, Alabama, en 1965, que llevó al presidente Lyndon B. Johnson (Tom Wilkinson) a aprobar la ley sobre el derecho al voto de...

Descripción completa

Guardado en:
Autor Principal: DuVernay, Ava.
Otros Autores: Oyelowo, David; reparto., Wilkinson, Tom; reparto., Ejogo, Carmen; reparto., Roth, Tim; reparto., Ribisi, Giovanni; reparto.
Formato: Deslizar
Idioma:Undetermined
Publicado: Estados Unidos : Paramount Pictures, 2014.
Materias:
Etiquetas: Agregar Etiqueta
Sin Etiquetas, Sea el primero en etiquetar este registro!
LEADER 01246ngm a22002535a 4500
001 CEM.cems020910
008 240313s2014####xx#---############vlund#d
005 20240313162838.0
245 1 0 |a Selma  |h [videograbación] /  |c Ava DuVernay. 
260 |a Estados Unidos :  |b Paramount Pictures,  |c 2014. 
300 |a 123'. 
520 |a Esta crónica sobre la lucha del político y activista Dr. Martin Luther King Jr. (David Oyelowo) en defensa de los derechos civiles se centra en la marcha desde Selma a Montgomery, Alabama, en 1965, que llevó al presidente Lyndon B. Johnson (Tom Wilkinson) a aprobar la ley sobre el derecho al voto de los ciudadanos negros. 
538 |a Soporte: DVD -- Formato: AVI – Peso: 976 mb -- Resolución: 720 x 304 -- 25 fps 
500 |a Título original: Selma: El poder de un sueño – Idioma: Inglés – Subtítulos: Español. 
590 |a Identificación anterior: 356 
100 1 |a DuVernay, Ava. 
700 1 |a Oyelowo, David; reparto. 
700 1 |a Wilkinson, Tom; reparto. 
700 1 |a Ejogo, Carmen; reparto. 
700 1 |a Roth, Tim; reparto. 
700 1 |a Ribisi, Giovanni; reparto. 
653 |a LARGOMETRAJE 
653 |a DRAMA 
859 |a CEMS  |b BIB. CEMS - Depto. Recursos Didacticos  |h 778.5  |i DUV  |k DRD  |p 3293.24  |t Ej.1